| 000 | 004270000a22001810004500 | ||
|---|---|---|---|
| 003 | MACL | ||
| 005 | 20150730125616.0 | ||
| 008 | 150730b xxu||||| |||| 00| 0 eng d | ||
| 040 |
_aMACL _cMACL |
||
| 041 | _aEnglish | ||
| 082 | _a307/SAT | ||
| 100 |
_aSattar,Nargis _93402 |
||
| 245 | _awoman and domination | ||
| 260 |
_aKolkata _bBest books _c2010 |
||
| 350 | _a120 | ||
| 650 |
_asociology _919 |
||
| 942 |
_cBK _k307/SAT _2ddc |
||
| 999 |
_c46451 _d46451 |
||